000 00493nam a2200193Ia 4500
005 20240823030016.0
008 240823s9999||||xx |||||||||||||| ||und||
020 _a81-239-0990-x
041 _aENGLISH
082 _A624.1832 P5
100 _aRamaswamy G S
245 0 _aDesign and construction of concrete shell Roofs
250 _a1st
260 _c2005
_b"CBS Publishers & Distributors,New "
500 _aTRANSFERED
650 _aConcrete
_bCivil
942 _cBK
999 _c187675
_d187675